| 000 | 01436nam a2200229Ia 4500 | ||
|---|---|---|---|
| 003 | Ost | ||
| 005 | 20260507075030.0 | ||
| 008 | 260507s9999||||xx |||||||||||||| ||und|| | ||
| 020 | _a243119957 | ||
| 040 | _cfsecg | ||
| 041 | _aara | ||
| 082 | _a330 | ||
| 100 |
_aظاهر، أحمد حسن _eمؤلف |
||
| 245 | 0 |
_aالمحاسبة الإدارية / _c أحمد حسن ظاهر |
|
| 260 |
_aعمان: _bدار وائل للنشر, _c2002 |
||
| 300 |
_a471 صفحة؛ _bإيضاحات ؛ _c24 سم |
||
| 520 | _aمقدمة للمحاسبة الإدارية، مفاهيم التكاليف وتصنيفاتها، تحليل العلاقة بين التكاليف وحجم النشاط والأرباح، الموازنات المرنة والتكاليف المعيارية،الموازنات الرأسمالية،أنظمة التكاليف المبنية على الانشطة، تسعير المنتجات والخدمات، الرقابة الإدارية في ظل اللامركزية، توزبع التكاليف، استخدام المعلومات المحاسبية في إتخاذ القرارات الإدارية، أنظمة الرقابة الإدارية ومحاسبة المسؤولين، الأساليب الكمية المستعملة في المحاسبة الإدارية | ||
| 653 | _aالإدارة | ||
| 653 | _aالمحاسبة | ||
| 653 | _aالمحاسبة الإدارية | ||
| 942 | _cكتاب | ||
| 999 |
_c42385 _d42385 |
||